DIA Words Quiz Stats

 Plays Quiz Updated Oct 30, 2018

Score 0/15 Timer 03:00
2 Plays Today
Hint Guess % Correct
A precious stone that is the hardest known mineral.Diamond
98.4%
A daily record of personal activities, reflections, or feelingsDiary
97%
A basic garment for infants consisting of absorbent materialDiaper
95.8%
A disorder characterized by inadequate production or utilization of insulinDiabetes
90.7%
A provincial, rural, or socially distinct variety of a languageDialect
90.5%
A conversation between two or more personsDialog
87.9%
A straight line passing through the center of a circle and meeting the circumference at each endDiameter
85.5%
To determine the identity of (a disease, illness, etc.) by a medical examinationDiagnose
85.2%
Hint Guess % Correct
Process of removing blood from an artery, purifying it, adding vital substances, & returning it to a veinDialysis
71.5%
Having the qualities of a devil; devilish; fiendish; outrageously wickedDiabolical
68.9%
The partition separating the thoracic cavity from the abdominal cavity in mammalsDiaphragm
67.4%
Intestinal disorder characterized by abnormal frequency and fluidity of fecal evacuationsDiarrhea
67.1%
Passing through two nonadjacent edges of a polyhedronDiagonal
63%
A bitter, sharply abusive denunciation, attack, or criticismDiatribe
50.6%
L. Ron Hubbard's set of ideas & practices regarding the relationship between the spirit, mind & bodyDianetics
23.5%

You're not logged in!

Compare scores with friends on all Sporcle quizzes.
OR
Log In

Sporcle TV

Today on Sporcle TV


Watch our educational content, quiz creation guides, and fun videos on Sporcle TV.

Show Comments

Extras

Top Quizzes Today


Score Distribution

Your Account Isn't Verified!

In order to create a playlist on Sporcle, you need to verify the email address you used during registration. Go to your Sporcle Settings to finish the process.

Report this User

Report this user for behavior that violates our Community Guidelines.

Details: